000 00590nam a2200205Ia 4500
005 20260429112037.0
008 260429s9999||||xx |||||||||||||| ||und||
020 _a9781804894514
041 _aEnglish
082 _a547.2
_bSCH
100 _aSchofield, Mollie
245 0 _aOrganic synthesis and organic reagents /
_cMollie Schofield
260 _aUnited Kingdom :
_bBrilliant Publication Ltd. ,
_c2026.
300 _ax, 322 p.; hb
650 _a Chemical reagents
650 _a Organic synthesis
650 _a Reaction mechanisms
650 _aOrganic chemistry
942 _cTB
999 _c52058
_d52058